The Painswick line. (Record no. 173344)

000 -LEADER
fixed length control field 00652cam a2200241u 4500
001 - CONTROL NUMBER
control field 6966672
003 - CONTROL NUMBER IDENTIFIER
control field Nust
005 - DATE AND TIME OF LATEST TRANSACTION
control field 20220831102855.0
008 - FIXED-LENGTH DATA ELEMENTS--GENERAL INFORMATION
fixed length control field 830118s1951 enk 000 0 eng
010 ## - LIBRARY OF CONGRESS CONTROL NUMBER
LC control number 51035504
020 ## - INTERNATIONAL STANDARD BOOK NUMBER
International Standard Book Number 9788129102850
Terms of availability Rs. 260
038 ## - RECORD CONTENT LICENSOR
Staff Name Arshad
040 ## - CATALOGING SOURCE
Original cataloging agency DLC
Transcribing agency CarP
Modifying agency DLC
050 00 - LIBRARY OF CONGRESS CALL NUMBER
Classification number PZ4.C388
Item number Pai
Classification number PR6053.E3
082 ## - DEWEY DECIMAL CLASSIFICATION NUMBER
Classification number 823
Author Mark CEC
100 1# - MAIN ENTRY--PERSONAL NAME
Personal name Cecil, Henry,
Dates associated with a name 1902-1976.
9 (RLIN) 11931
245 14 - TITLE STATEMENT
Title The Painswick line.
260 ## - PUBLICATION, DISTRIBUTION, ETC.
Place of publication, distribution, etc. London,
Name of publisher, distributor, etc. Chapman & Hall,
Date of publication, distribution, etc. 1951.
300 ## - PHYSICAL DESCRIPTION
Extent 218 p.
Dimensions 19 cm.
655 #7 - INDEX TERM--GENRE/FORM
Genre/form data or focus term Legal stories.
Source of term gsafd
9 (RLIN) 935
906 ## - LOCAL DATA ELEMENT F, LDF (RLIN)
a 0
b cbc
c premunv
d u
e ncip
f 19
g y-gencatlg
942 ## - ADDED ENTRY ELEMENTS (KOHA)
Source of classification or shelving scheme
Koha item type Book
Holdings
Withdrawn status Lost status Source of classification or shelving scheme Damaged status Not for loan Permanent Location Current Location Shelving location Date acquired Total Checkouts Full call number Barcode Date last seen Date last checked out Copy number Price effective from Koha item type
          Central Library (CL) Central Library (CL) Fiction 01/22/2017 1 823 CEC CL638 01/03/2026 11/30/2025 1 01/22/2017 Book
© 2023 Central Library, National University of Sciences and Technology. All Rights Reserved.